000
003080000a22001450004500
003
MACL
040
_a
MACL
090
_c
32869
_d
32867
100
_a
Sudha Publication Ltd
245
_a
Public Speaking
260
_b
Sudha Publication Ltd
350
_a
45
650
_a
Generalities
942
_c
BOOK
_k
001/SUD
999
_c
32532
_d
32532